000 01131njm a22002777a 4500
005 20100920153433.0
006 a|||||r|||||00| 0
007 sd ammalaaahaa
008 100901t xxu||||| |||| 00| 0 eng d
028 _a2392 435
_bMusic India
035 _aGR-03907
040 _aSED
_cSED
100 _aMangeshkar, Lata
_917891
245 _aLata once more /
_cby Lata Mangeshkar; music by Rajesh Roshan; lyric by Rajesh Roshan
_h[Sound recording]
246 _aलता वन्स मोर/ लता मंगेशकर द्वारा
260 _aDum Dum, India
_bMusic India
_c1983
300 _a1 Sound disc [Gramophone Recording] :
_banalog, 33 1/3 rpm
_c12 in. (LP)
_fGramophone Record
500 _aBrief record
500 _aRecord Labels : Music India, Red
505 _aSide-1 (Tu wada na) (Lata Mangeshkar) --Side-2 (Oh my god) (Lata Mangeshkar [and] Amit Kumar)
600 _aMangeshkar, Lata
_919718
650 _aFilm songs
_xExcerpts
_zIndia
_917892
700 _aRajesh Roshan
_920083
942 _2ddc
_cGR
999 _c47082
_d47082